| 000 | 00540nam a2200133Ia 4500 | ||
|---|---|---|---|
| 008 | 171212s9999 xx 000 0 und d | ||
| 020 | _a9780833051332 | ||
| 100 | _aNader, Alireza;Thaler, David E.;Bohandy, S. R. | ||
| 245 |
_cNader, Alireza;Thaler, David E.;Bohandy, S. R. _aThe Next Supreme Leader _bSuccession in the Islamic Republic of Iran |
||
| 260 |
_bRAND Corporation _c2011 |
||
| 650 | _aHeads of state -- Succession -- Iran; Politics and government -- 1997- | ||
| 650 | _aHistory | ||
| 856 | _uwww.jstor.org/stable/10.7249/mg1052osd | ||
| 999 |
_c352696 _d352696 |
||